000
00317nam a2200133Ia 4500
005
20251222141844.0
008
251222s9999||||xx |||||||||||||| ||spa||
020
_a
84-207-1321-X
082
_a
371.3/M86
100
_a
Morrish, Ivor
245
0
_a
Cambio e Innovación en la Enseñanza
264
_b
Anaya
942
_c
LIB
999
_c
7527
_d
7527